El Director del Instituto del Teatro, en Oslo
Colección:
San Jorge,
; núm. 3 (juliol 1951), pàg. 61
Materias:
Díaz-Plaja, Guillermo, -- 1909-1984
; Congreso del Instituto Internacional del Teatro -- (4t: -- 1951 : -- Oslo, Noruega)
Idioma:
Español
MARC
| LEADER | 00000naa a2200000 a 4500 | ||
|---|---|---|---|
| 003 | Arxiu | ||
| 005 | 20260324181026.0 | ||
| 008 | 160829s1951 spc xx s spa c | ||
| 040 | |a agdb | ||
| 245 | 0 | 3 | |a El Director del Instituto del Teatro, en Oslo |
| 490 | |a San Jorge, |v núm. 3 (juliol 1951), pàg. 61 | ||
| 600 | 1 | 0 | |a Díaz-Plaja, Guillermo, |d 1909-1984 |9 20224 |
| 611 | 0 | |9 54606 |a Congreso del Instituto Internacional del Teatro |n (4t: |d 1951 : |c Oslo, Noruega) | |
| 773 | 0 | |t San Jorge. |g Núm. 3 (juliol 1951), pàg. 61 | |
| 901 | |a Arxiu | ||
| 942 | |n 1 |2 udc |c ART | ||
| 952 | |0 0 |1 0 |4 0 |6 REV508 |7 1 |9 64710 |a Arxiu |b Arxiu |d 2022-12-12 |l 0 |o Rev-508 |r 2022-12-12 00:00:00 |w 2022-12-12 |y ARXIU | ||
| 999 | |c 44091 |d 44091 | ||